000 02716nam0a2200409 4500
001 RU\NLR\bibl\1746570
005 20260409080410.0
010 _a978-5-9984-0104-6
_9100
021 _aRU
_b2011-10844
_9778
035 _a(nilc)LIBNET\0000109223
035 _a(NLR Aleph) 001737464
090 _a1438158
_c1438158
100 _a20110305d2010 |||y0rusy50 ca
101 0 _arus
_aeng
102 _aRU
105 _ay |||||||||
200 1 _aИнновационные подходы к подготовке специалиста в условиях глобализации образовательных процессов
_dInnovative approach to training specialists under globalization of educational processes
_zeng
_eматериалы международной научной конференции, 7-8 октября 2010 года, г. Владимир
_f[редкол.: Н.А. Камайданова (отв. ред.) и др.]
210 _aВладимир
_cВлГУ
_d2010
215 _a234 с.
_d20
300 _aВ надзаг.: М-во образования и науки РФ, Гос. образоват. учреждение высш. проф. образования "Владим. гос. ун-т", Науч.-образоват. центр в обл. лингвистики, образоват. инноваций и межкультур. коммуникации "Dialog"
300 _aЧасть текста на англ. яз.
320 _aБиблиогр. в конце ст.
510 1 _aInnovative approach to training specialists under globalization of educational processes
_zeng
606 _aВысшее образование
_xИнновации
_jСъезды, совещания и т.п.
_3RU\NLR\AUTH\6601752542
_92664515
606 _aИностранные языки
_xПреподавание
_xВысшая школа
_jСъезды, совещания и т.п.
_3RU\NLR\auth\661291992
_92144180
686 1 _aЧ481.2я431
686 1 _aЧ486.17я431
702 1 _aКамайданова
_bН. А.
_gНадежда Афанасьевна
_4340
711 1 2 _a"Инновационные подходы к подготовке специалиста в условиях глобализации образовательных процессов", международная научная конференция
_f2010
_eВладимир
_3RU\NLR\AUTH\8810180134
_9856527
801 0 _aRU
_bВладимирская ОУНБ
_c20110305
_grcr
801 1 _aRU
_bВладимирская ОУНБ
_c20110305
_grcr
_2rusmarc
801 2 _aRU
_bNLR
_c20110315
_grcr
830 _aред. по базе
942 _cBOOK
980 _aNB